[Event "European Youth Chess Championship B18"]
[Site "Prague, Top Hotel Prague"]
[Date "2012.08.23"]
[Round "7.38"]
[White "Pavel, Sebastian-Ionut"]
[Black "Poska, Karolis"]
[Result "1-0"]
[WhiteElo "2045"]
[BlackElo "1884"]
[PlyCount "57"]
[EventDate "2012.08.17"]

1. a3 d5 2. Nf3 Nd7 3. d4 Ngf6 4. g3 g6 5. Bg2 Bg7 6. c4 dxc4 7. Nbd2 O-O 8.
O-O Nb6 9. Qc2 Nfd7 10. e4 e5 11. d5 c6 12. dxc6 bxc6 13. Rd1 Qe7 14. Nxc4 Nxc4
15. Qxc4 Nb6 16. Qc2 Ba6 17. Be3 Nc4 18. Bg5 f6 19. Bc1 Rfd8 20. Rxd8+ Rxd8 21.
Bf1 Kh8 22. Bxc4 Bxc4 23. Qxc4 Rd1+ 24. Kg2 Qd7 25. Qc2 Rd3 26. Be3 f5 27. Ne1
Rd6 28. Bc5 Rf6 29. Rd1 1-0

[Event "European Youth Chess Championship B18"]
[Site "Prague, Top Hotel Prague"]
[Date "2012.08.23"]
[Round "7.39"]
[White "Lhotka, Jiri"]
[Black "Belsley, Alexandre"]
[Result "1-0"]
[WhiteElo "2082"]
[BlackElo "1842"]
[PlyCount "57"]
[EventDate "2012.08.17"]

1. e4 c6 2. d4 d5 3. Nc3 dxe4 4. Nxe4 Bf5 5. Ng3 Bg6 6. h4 h6 7. Nf3 Nd7 8. h5
Bh7 9. Bd3 Bxd3 10. Qxd3 e6 11. Bf4 Qa5+ 12. Bd2 Bb4 13. c3 Be7 14. c4 Qc7 15.
Bc3 Ngf6 16. O-O-O O-O 17. Kb1 Rfd8 18. Rhe1 Rab8 19. Qc2 b5 20. Ne5 c5 21.
Nxf7 Kxf7 22. Qg6+ Kg8 23. Nf5 Bf8 24. Rxe6 Re8 25. d5 b4 26. Bxf6 Rxe6 27.
Nxh6+ Kh8 28. Qf7 Nxf6 29. Qxc7 1-0

[Event "European Youth Chess Championship B18"]
[Site "Prague, Top Hotel Prague"]
[Date "2012.08.23"]
[Round "7.40"]
[White "Petras, Marian"]
[Black "Real, Thibault"]
[Result "1/2-1/2"]
[WhiteElo "1958"]
[BlackElo "2010"]
[PlyCount "72"]
[EventDate "2012.08.17"]

1. e4 c5 2. Nf3 d6 3. d4 cxd4 4. Nxd4 Nf6 5. Nc3 g6 6. Be3 Bg7 7. f3 Nc6 8. Bc4
O-O 9. Qd2 Bd7 10. Bb3 Na5 11. Bh6 Rc8 12. h4 Nc4 13. Bxc4 Rxc4 14. Bxg7 Kxg7
15. g4 Qa5 16. h5 Rfc8 17. hxg6 fxg6 18. Qh6+ Kg8 19. Nf5 Bxf5 20. gxf5 Rxc3
21. bxc3 Qxc3+ 22. Ke2 Qb2 23. Rac1 Rxc2+ 24. Rxc2 Qxc2+ 25. Ke3 Qc5+ 26. Ke2
Qc4+ 27. Ke3 Qc3+ 28. Ke2 Qc2+ 29. Ke3 Qc5+ 30. Ke2 Kf7 31. fxg6+ hxg6 32. Qd2
Qc4+ 33. Kf2 Qc5+ 34. Ke2 Qc4+ 35. Kf2 Qc5+ 36. Ke2 Qc4+ 1/2-1/2

[Event "European Youth Chess Championship B18"]
[Site "Prague, Top Hotel Prague"]
[Date "2012.08.23"]
[Round "7.41"]
[White "Panainte, Daniel-Iulian"]
[Black "Konvicka, Martin"]
[Result "0-1"]
[WhiteElo "2005"]
[BlackElo "1937"]
[PlyCount "128"]
[EventDate "2012.08.17"]

1. e4 c5 2. Nf3 d6 3. Nc3 Nf6 4. g3 Nc6 5. Bg2 g6 6. d4 cxd4 7. Nxd4 Nxd4 8.
Qxd4 Bg7 9. O-O O-O 10. Qd3 Be6 11. Be3 Re8 12. Rfd1 Qa5 13. Bd4 Rec8 14. b3
Ng4 15. Bxg7 Kxg7 16. Ne2 Ne5 17. Qd2 Qc5 18. c4 Bg4 19. Rf1 b5 20. cxb5 Qxb5
21. Nd4 Qb6 22. h3 Bd7 23. Kh2 a5 24. Rfc1 Kg8 25. f4 Nc6 26. Nxc6 Bxc6 27. Rc2
Bb7 28. Rac1 Rxc2 29. Rxc2 Rc8 30. Rb2 Rc5 31. Qd4 Qb4 32. Qxb4 axb4 33. Kg1
Rc3 34. Kf2 Kf8 35. Re2 e5 36. Re3 Rc2+ 37. Re2 Rc3 38. f5 gxf5 39. exf5 Bxg2
40. Kxg2 Ke7 41. Re4 Rc2+ 42. Kf3 Rxa2 43. Rxb4 d5 44. Rb6 Rb2 45. Kg4 d4 46.
Kf3 d3 47. Rb4 Kf6 48. Ke3 d2 49. Ke2 Kxf5 50. Rb5 Ke4 51. Rb7 f5 52. Rxh7 Rxb3
53. Rh4+ Kd5 54. Rh5 Rd3 55. Kd1 e4 56. Rxf5+ Ke6 57. Rf1 Ke5 58. Ke2 Kd4 59.
Rd1 Kc3 60. Ra1 Kb2 61. Rd1 Kc2 62. Ra1 d1=Q+ 63. Rxd1 Rxd1 64. Ke3 Re1+ 0-1